The Gambia : 2006 Article IV Consultation and Assessment of Performance Under the Staff-Monitored Program-Staff Report; Public Information Notice on the Executive Board Discussion; and Statement by the Executive Director for The Gambia.

The authorities' response to policy recommendations in the 2005 Article IV Consultation has been generally positive, and authorities successfully completed an SMP. The appreciation reflects the tightening of monetary policy and increased inflows of remittances, transfers, and FDI. The Gambian e...

Volledige beschrijving

Bibliografische gegevens
Coauteur: International Monetary Fund
Formaat: Tijdschrift
Taal:English
Gepubliceerd in: Washington, D.C. : International Monetary Fund, 2006.
Reeks:IMF Staff Country Reports; Country Report ; No. 2006/444
Online toegang:Full text available on IMF
LEADER 01827cas a2200241 a 4500
001 AALejournalIMF009193
008 230101c9999 xx r poo 0 0eng d
020 |c 5.00 USD 
020 |z 9781451815542 
022 |a 1934-7685 
040 |a BD-DhAAL  |c BD-DhAAL 
110 2 |a International Monetary Fund. 
245 1 4 |a The Gambia :   |b 2006 Article IV Consultation and Assessment of Performance Under the Staff-Monitored Program-Staff Report; Public Information Notice on the Executive Board Discussion; and Statement by the Executive Director for The Gambia. 
264 1 |a Washington, D.C. :  |b International Monetary Fund,  |c 2006. 
300 |a 1 online resource (81 pages) 
490 1 |a IMF Staff Country Reports 
500 |a <strong>Off-Campus Access:</strong> No User ID or Password Required 
500 |a <strong>On-Campus Access:</strong> No User ID or Password Required 
506 |a Electronic access restricted to authorized BRAC University faculty, staff and students 
520 3 |a The authorities' response to policy recommendations in the 2005 Article IV Consultation has been generally positive, and authorities successfully completed an SMP. The appreciation reflects the tightening of monetary policy and increased inflows of remittances, transfers, and FDI. The Gambian economy has stayed relatively competitive. The principal purpose of the SMP was to help the authorities reestablish a policy track record. In particular, over commitments, expenditure overruns, and extrabudgetary expenditures risk further accumulation of domestic arrears and/or increased domestic borrowing. 
538 |a Mode of access: Internet 
830 0 |a IMF Staff Country Reports; Country Report ;  |v No. 2006/444 
856 4 0 |z Full text available on IMF  |u http://elibrary.imf.org/view/journals/002/2006/444/002.2006.issue-444-en.xml  |z IMF e-Library